Numerical Analysis of a Solar Air Heater having Rectangular Sectioned V-Ribs as Artificial Roughness Integrated with Impingement Cooling Configuration / (Record no. 603210)

000 -LEADER
fixed length control field 00592nam a2200169Ia 4500
008 - FIXED-LENGTH DATA ELEMENTS--GENERAL INFORMATION
fixed length control field 230925s9999||||xx |||||||||||||| ||und||
082 ## - DEWEY DECIMAL CLASSIFICATION NUMBER
Classification number 696.6 IQB
100 ## - MAIN ENTRY--PERSONAL NAME
Personal name Iqbal, Muhammad Haroon (330579)
9 (RLIN) 118228
245 #0 - TITLE STATEMENT
Title Numerical Analysis of a Solar Air Heater having Rectangular Sectioned V-Ribs as Artificial Roughness Integrated with Impingement Cooling Configuration /
260 ## - PUBLICATION, DISTRIBUTION, ETC.
Name of publisher, distributor, etc. USPCAS-E, NUST,Islamabad :
Date of publication, distribution, etc. 2023
300 ## - PHYSICAL DESCRIPTION
Extent xi, 52 p.
520 ## - SUMMARY, ETC.
Summary, etc. TH-463
650 ## - SUBJECT ADDED ENTRY--TOPICAL TERM
Form subdivision MS Thesis
9 (RLIN) 18721
650 ## - SUBJECT ADDED ENTRY--TOPICAL TERM
Form subdivision MS TEE Thesis
9 (RLIN) 116575
700 ## - ADDED ENTRY--PERSONAL NAME
Personal name Dr Majid Ali
9 (RLIN) 29033
942 ## - ADDED ENTRY ELEMENTS (KOHA)
Koha item type Thesis
Source of classification or shelving scheme
Holdings
Withdrawn status Lost status Source of classification or shelving scheme Damaged status Not for loan Permanent Location Current Location Date acquired Full call number Barcode Date last seen Price effective from Koha item type
          US-Pakistan Center for Advanced Studies in Energy (USPCAS-E) US-Pakistan Center for Advanced Studies in Energy (USPCAS-E) 08/18/2023 696.6 IQB CAS-ETH0000463 09/25/2023 09/25/2023 Thesis
© 2023 Central Library, National University of Sciences and Technology. All Rights Reserved.